The dawning of a new era : (Record no. 11027)
[ view plain ]
| 000 -LEADER | |
|---|---|
| fixed length control field | 00708nam a2200229u 4500 |
| 001 - CONTROL NUMBER | |
| control field | 11027 |
| 003 - CONTROL NUMBER IDENTIFIER | |
| rucl marc code | BD-RjUL |
| 005 - DATE AND TIME OF LATEST TRANSACTION | |
| control field | 20211208235046.0 |
| 008 - FIXED-LENGTH DATA ELEMENTS--GENERAL INFORMATION | |
| fixed length control field | 140126s1993 ko ao 000 0 eng |
| 035 ## - SYSTEM CONTROL NUMBER | |
| System control number | (BD-RjUL) 11076 |
| 040 ## - CATALOGING SOURCE | |
| Original cataloging agency | DLC |
| Transcribing agency | CarP |
| Modifying agency | DLC |
| -- | BD-RjUL |
| Language of cataloging | eng |
| 041 ## - LANGUAGE CODE | |
| Language code of text/sound track or separate title | eng |
| 082 ## - DEWEY DECIMAL CLASSIFICATION NUMBER | |
| Edition number | 23 |
| Classification number | 303.4 |
| Author mark and year | SAD 1993 |
| 100 1# - MAIN ENTRY--PERSONAL NAME | |
| Personal name | Sam, Kim Young |
| 9 (RLIN) | 34075 |
| 245 14 - TITLE STATEMENT | |
| Title | The dawning of a new era : |
| Remainder of title | the APEC leaders meeting and white house summit / |
| Statement of responsibility, etc. | Kim Young Sam. |
| 260 ## - PUBLICATION, DISTRIBUTION, ETC. (IMPRINT) | |
| Place of publication, distribution, etc. | Korea : |
| Name of publisher, distributor, etc. | Republic of Korea, |
| Date of publication, distribution, etc. | 1993. |
| 300 ## - PHYSICAL DESCRIPTION | |
| Pagination | 39 p. : |
| Illustrations | ill., photos ; |
| Size | 15 cm. |
| 650 #0 - SUBJECT ADDED ENTRY--TOPICAL TERM | |
| Topical term or geographic name as entry element | Social problems |
| General subdivision | Miscellanea. [from old catalog] |
| 9 (RLIN) | 34076 |
| 942 ## - ADDED ENTRY ELEMENTS (KOHA) | |
| Source of classification or shelving scheme | Dewey Decimal Classification |
| Koha item type | Books |
| Lost status | Source of classification or shelving scheme | Damaged status | Not for loan | Collection code | Permanent Location | Current Location | Shelving location | Date acquired | Source of acquisition | Cost, normal purchase price | Total Checkouts | Full call number | Date last seen | Copy number | Koha item type |
|---|---|---|---|---|---|---|---|---|---|---|---|---|---|---|---|
| Dewey Decimal Classification | Not For Loan | Non-fiction | Central Library, University of Rajshahi | Central Library, University of Rajshahi | 13/04/1994 | Library, RU | 0.00 | 303.4 SAD 1993 | 26/01/2014 | C-1 | Books |